| 000 | 00597nam a2200217Ia 4500 | ||
|---|---|---|---|
| 005 | 20250326144002.0 | ||
| 008 | 250326s9999 xx 000 0 und d | ||
| 020 | _a81-7188-581-0 | ||
| 037 | _aTextbook | ||
| 040 |
_aFMSL _beng _cFMSL |
||
| 041 |
_aeng _2eng |
||
| 084 |
_aX.44 P6 _qFMSL |
||
| 100 | _aKapila Raj | ||
| 245 | 0 |
_aIndia's economy : journey in time and space _cKapila Raj; Kapila Uma |
|
| 260 |
_aNew Delhi _bNew Delhi, Academic Foundation _c2006 |
||
| 300 | _a390p | ||
| 365 | _b795 | ||
| 650 | _aEconomics | ||
| 942 |
_cTB _hX.44 P6 |
||
| 999 |
_c1301900 _d1301900 |
||